| 000 | 00802nam a2200253Ia 4500 | ||
|---|---|---|---|
| 003 | OSt | ||
| 005 | 20220930091828.0 | ||
| 006 | a|||||r|||| 00| 0 | ||
| 007 | ta | ||
| 008 | 220926b |||||||| |||| 00| 0 eng d | ||
| 024 | _a10389 | ||
| 037 | _cTheses | ||
| 040 |
_aCRL _cCRL _beng |
||
| 041 |
_2eng _aeng |
||
| 100 |
_aDubey Vishal _9546848 |
||
| 110 |
_aUniversity of Delhi. Faculty of Science. Department of Pharmacy _9522603 |
||
| 245 | 0 | _aSynthesis and pharmacological evaluation of amino acids and peptide conjugates of dopamine | |
| 260 | _c2013 | ||
| 650 |
_aPHARMACY _9222451 |
||
| 700 | _a Srinivasan B P Gu. | ||
| 700 |
_aUniversity of Delhi. Faculty of Science. Department of Pharmacy _9522604 |
||
| 942 |
_cDIS _2CC |
||
| 999 |
_c882727 _d882727 |
||